000 00674nam a2200229Ia 4500
003 OSt
005 20250814113934.0
008 210423s1990 xx 000 0 und d
040 _cAL
041 _aEnglish
082 _a323
_bMORF
100 _aMahabaleshwar N Morje
_9103568
245 _aFundamental duties
_b: the foundation of human dignity and national character
260 _aKottaym
_bOxford University Press
_c1990
300 _a88p.
_bHB
_c22x14.2cm.
365 _b25
_cINR
650 _aCivil & Political Rights
_9103569
650 _aPolitical Science
_9103570
700 _aPatel, Shri Rajni
_9235508
906 _aduties ; Fundamental
942 _2ddc
_cBK
999 _c172036
_d172036